The Indian Ocean Quiz - Statistics

General Stats
  • This quiz has been taken 33 times
  • The average score is 14 of 36
Answer Stats
Hint Answer % Correct
India
90%
Indonesia
76%
Sri Lanka
67%
Countries Australia
57%
Australia
57%
Mumbai
57%
Islands Madagascar
52%
Contients Africa
48%
Peninsulas Arabian Peninsula
48%
Arabian Sea
48%
Asia
48%
Ganges
48%
Kolkata
48%
Chennai
43%
Indus
43%
Java
43%
Cities Karachi
43%
Saudi Arabia
43%
Sumatra
38%
Bay of Bengal
33%
Marginal Seas Red Sea
33%
Sudan
33%
Oceans Atlantic Ocean
29%
Horn of Africa
29%
Indochina Peninsula
29%
Pacific Ocean
29%
Southern Ocean
29%
Java Sea
24%
Persian Gulf
24%
Andaman Sea
19%
Sinai Peninsula
14%
Timor
14%
Zambezi
14%
Rivers Flowing into it Euphrates
5%
Kuala Lumpur
5%
Salween
0%
No matching quizzes found
Score Distribution
Percent of People with Each Score
Percentile by Number Answered
Your Score History
You have not taken this quiz